Statistics for 100 Years Lyrics (Florence + the Machine)

Click here to take the quiz!

General Stats

  • This quiz has been taken 78 times
    (17 since last reset)
  • The average score is 338 of 398

Answer Stats

Lyrics% Correct
a
100%
I
100%
always
91%
and
91%
arms
91%
become
91%
blood
91%
break
91%
can
91%
cannot
91%
close
91%
days
91%
do
91%
don't
91%
endless
91%
enough
91%
find
91%
get
91%
give
91%
he
91%
here
91%
hold
91%
hundred
91%
in
91%
instead
91%
it
91%
it's
91%
just
91%
let
91%
light
91%
lightly
91%
lord
91%
Lord
91%
love
91%
me
91%
more
91%
much
91%
never
91%
night
91%
of
91%
ones
91%
pray
91%
streets
91%
that
91%
the
91%
then
91%
they
91%
this
91%
tightly
91%
to
91%
too
91%
turn
91%
we
91%
will
91%
with
91%
years
91%
you
91%
your
91%
bitch
82%
but
82%
feel
82%
heart
82%
hearts
82%
hubris
82%
is
82%
no
82%
now
82%
our
82%
run
82%
shine
82%
still
82%
all
73%
believe
73%
can't
73%
describe
73%
does
73%
flight
73%
fly
73%
gets
73%
higher
73%
hurts
73%
itch
73%
many
73%
men
73%
oh
73%
out
73%
over
73%
planes
73%
so
73%
square
73%
take
73%
than
73%
those
73%
times
73%
us
73%
ways
73%
again
64%
as
64%
bleed
64%
born
64%
care
64%
city
64%
cried
64%
darker
64%
didn't
64%
each
64%
fill
64%
hate
64%
how
64%
know
64%
my
64%
old
64%
pulled
64%
raged
64%
raise
64%
room
64%
scratched
64%
sorry
64%
stitches
64%
sunrise
64%
thought
64%
truth
64%
try
64%
voices
64%
were
64%
we're
64%
where
64%
women
64%
youth
64%
you've
64%
breaks
55%
fight
55%
fills
55%
funerals
55%
have
55%
held
55%
him
55%
need
55%
not
55%
stars
55%
bends
45%
breath
45%
sides
45%
sleep
45%
stumbled
45%
yeah
36%

Score Distribution

Percentile by Number Answered

Percent of People with Each Score

Your Score History

You have not taken this quiz since the last reset